Welcome to CU Library Online Public Access Catalogue (OPAC)

THE REVELATION OF JOHN (Record no. 7048)

MARC details
000 -LEADER
fixed length control field 00373nam a22001457a 4500
005 - DATE AND TIME OF LATEST TRANSACTION
control field 20250718125346.0
008 - FIXED-LENGTH DATA ELEMENTS--GENERAL INFORMATION
fixed length control field 250718b |||||||| |||| 00| 0 eng d
020 ## - INTERNATIONAL STANDARD BOOK NUMBER
International Standard Book Number 9780715207468
050 ## - LIBRARY OF CONGRESS CALL NUMBER
Classification number BS2683
Item number BAR
100 ## - MAIN ENTRY--PERSONAL NAME
Personal name BARCLAY WIILLIAM
245 ## - TITLE STATEMENT
Title THE REVELATION OF JOHN
260 ## - PUBLICATION, DISTRIBUTION, ETC.
Place of publication, distribution, etc. EDINBURGH
Name of publisher, distributor, etc. THE SAINT ANDREW PRESS
Date of publication, distribution, etc. c1979
300 ## - PHYSICAL DESCRIPTION
Extent x, 232p
942 ## - ADDED ENTRY ELEMENTS (KOHA)
Source of classification or shelving scheme Library of Congress Classification
Koha item type Books
Suppress in OPAC No
999 ## -
-- 7048
-- 7048
Holdings
Withdrawn status Lost status Source of classification or shelving scheme Damaged status Not for loan Collection Home library Current library Shelving location Date acquired Total checkouts Full call number Barcode Date last seen Copy number Price effective from Koha item type
    Library of Congress Classification     Non-fiction Undergraduate Library (Christ Temple) Undergraduate Library (Christ Temple) General stacks 07/18/2025   BS2683 BAR ulct00003955 07/18/2025 1 07/18/2025 Books
    Library of Congress Classification     Non-fiction Undergraduate Library (Christ Temple) Undergraduate Library (Christ Temple) General stacks 07/18/2025   BS2683 BAR ulct00003956 07/18/2025 2 07/18/2025 Books
© 2023-2024 Copyright: Central University Libraries. All Rights Reserved | Created by: Mahone Tech Office